| 000 | 00564nam a2200205Ia 4500 | ||
|---|---|---|---|
| 005 | 20250508150908.0 | ||
| 008 | 008 250505s9999 xx 000 0 eng d | ||
| 037 | _aTextual | ||
| 040 |
_aFEDL _beng _cFEDL |
||
| 041 |
_aeng _2eng |
||
| 084 |
_a001.422, SNE _qFEDL |
||
| 100 | _aSnedecor George W | ||
| 245 | 0 | _aStatistical methods | |
| 250 | _a4 | ||
| 260 |
_aAmes, USA _bThe Iowa State University Press _c1937 |
||
| 300 | _axvi,485p. | ||
| 650 |
_aStatistics Methods _9756281 |
||
| 942 |
_cTEXL _h001.422, SNE |
||
| 999 |
_c1326354 _d1326354 |
||